Quiz sur la musique francophone VOL4 - Statistiques

Statistiques générales
  • Ce quiz a été pris 24 fois
  • Le résultat moyen est 9 sur 15
Statistiques - réponses
Question Réponse % Correct
Complète les paroles de "Sous le vent" de Garou & Céline Dion : Fais comme si j'avais pris la mer J'ai sorti la grande voile Et j'ai glissé sous le vent Fais comme si je quittais la terre J'ai trouvé mon étoile .... Je l'ai suivie un instant
91%
Qui n'a jamais participé à une comédie musicale? Jérémy Frérot
91%
Quel est le lien entre Gims et Dadju? Demi-frères
87%
Qui a partagé le duo "A ma place" avec Zazie en 2001? Axel Bauer
83%
Quelle émission musicale était présentée par Charly et Lulu? Hit Machine
74%
Quel artiste n'était pas labellisé par "AB Disques"? Larusso
70%
Quelle reprise ne figure pas sur l'album "imposteur" de Julien Doré? Divine idylle
65%
Qui est mondialement connu pour sa composition de la bande originale du film de Jean-Pierre Jeunet "Le Fabuleux Destin d'Amélie Poulain"? Yann Tiersen
65%
Qui détient le record de 34 participations aux "Enfoirés" en 2026? Patrick Bruel
61%
En quelle année est née Théodora? 2003
52%
Qui a sorti l'album "Liberté chérie" en 2017? Calogero
48%
Qui interprète la version francophone "What a girl wants" de Christina Aguilera? "Ce que je suis" d'Ophélie Winter
43%
Quel est le vrai nom de Françoise Hardy? Françoise Hardy
39%
Quelle est la pochette de l'album "Derrière l'horizon" de Sneazzy?
30%
Quels sont les noms d'albums d'Indochine? Le péril jaune / Paradize / Babel Babel
26%
Aucun quiz correspondant
Distribution des résultats
% des personnes avec chaque résultat
Percentile par nombre de réponses
Votre historique - résultats
Vous n’avez pas pris ce quiz